El Paso International Airport Destinations (El Paso, TX, USA) - Statistics

General Stats
  • This quiz has been taken 117 times
    30 since last reset
  • The average score is 16 of 18
Answer Stats
Airline Destination % Correct
American Airlines/American Eagle/Frontier Airlines Dallas/Fort Worth
100%
Southwest Airlines Dallas (Love)
100%
American Eagle/Southwest Airlines Los Angeles
100%
Delta Air Lines Atlanta
96%
Frontier Airlines/Southwest Airlines/United Airlines/United Express Denver
96%
Southwest Airlines Houston (Hobby)
96%
United Express Houston (Intercontinental)
96%
Frontier Airlines/Southwest Airlines Las Vegas
96%
Alaska Airlines Seattle/Tacoma
96%
Southwest Airlines Chicago (Midway)
92%
American Eagle/United Express Chicago (O'Hare)
92%
American Airlines/American Eagle/Southwest Airlines Phoenix (Sky Harbor)
92%
Southwest Airlines San Diego
85%
Southwest Airlines Austin
81%
Southwest Airlines San Antonio
77%
Southwest Airlines Orlando
73%
Southwest Airlines Nashville
54%
Southwest Airlines Long Beach
38%
No matching quizzes found
Score Distribution
Percent of People with Each Score
Percentile by Number Answered
Your Score History
You have not taken this quiz since the last reset